00466 2200193 4500245003700000020001800037250001100055100001500066700002000081700002300101650001700124005001900141260003100160041001400191084001300205300003400218336000900252338001100261 aBleach Vol. 41cKubo, TitehText a9786022100027 aCet. 1 aKubo, Tite aIne Martiana K. aFebrian Anantasyah aKomik Jepang a20230201144910 aJakartabPT Gramediac2011 aIndonesia a741.5592 a... jil. :bilus. ;c17,5 cm. atext avolume